Organizational theory, design, and change (Record no. 575211)

000 -LEADER
fixed length control field 00547nam a22002057a 4500
003 - CONTROL NUMBER IDENTIFIER
control field CEME
005 - DATE AND TIME OF LATEST TRANSACTION
control field 20210628203823.0
008 - FIXED-LENGTH DATA ELEMENTS--GENERAL INFORMATION
fixed length control field 210115b xxu||||| |||| 00| 0 eng d
020 ## - INTERNATIONAL STANDARD BOOK NUMBER
International Standard Book Number 9788131754160
040 ## - CATALOGING SOURCE
Transcribing agency .
082 ## - DEWEY DECIMAL CLASSIFICATION NUMBER
Classification number 302.35 JON
100 ## - MAIN ENTRY--PERSONAL NAME
Personal name Jones, Gareth R
9 (RLIN) 67423
245 ## - TITLE STATEMENT
Title Organizational theory, design, and change
250 ## - EDITION STATEMENT
Edition statement 6TH
260 ## - PUBLICATION, DISTRIBUTION, ETC.
Place of publication, distribution, etc. INDIA
Name of publisher, distributor, etc. PEARSON EDUCATION
Date of publication, distribution, etc. 2014
300 ## - PHYSICAL DESCRIPTION
Extent XXIV, 543P
650 ## - SUBJECT ADDED ENTRY--TOPICAL TERM
Topical term or geographic name entry element ORGANIZATIONAL THEORY, DESIGN, AND CHANGE
9 (RLIN) 67424
700 ## - ADDED ENTRY--PERSONAL NAME
Personal name MATHEW, MARY
9 (RLIN) 67425
942 ## - ADDED ENTRY ELEMENTS (KOHA)
Koha item type Book
Source of classification or shelving scheme
Holdings
Withdrawn status Lost status Damaged status Not for loan Permanent Location Current Location Shelving location Date acquired Total Checkouts Full call number Barcode Date last seen Price effective from Koha item type
        College of Electrical & Mechanical Engineering (CEME) College of Electrical & Mechanical Engineering (CEME) General Stacks 02/17/2017   302.35 JON CEME-47907 06/28/2021 06/28/2021 Book
© 2023 Central Library, National University of Sciences and Technology. All Rights Reserved.